UM Logo
Normal view MARC view
  • Report writing -

Entry Topical Term

Number of records used in: 1

001 - CONTROL NUMBER

  • control field: 24350

003 - CONTROL NUMBER IDENTIFIER

  • control field: OSt

005 - DATE AND TIME OF LATEST TRANSACTION

  • control field: 20171206222819.0

008 - FIXED-LENGTH DATA ELEMENTS

  • fixed length control field: 171206|| aca||babn | a|a d

040 ## - CATALOGING SOURCE

  • Original cataloging agency: OSt

150 ## - HEADING--TOPICAL TERM

  • Topical term or geographic name entry element: Report writing -
  • General subdivision: Problems, exercises, etc